Największe polskie miasta zawierające literę P - Statystyki

Ogólne statystyki
  • Ten quiz został rozwiązany 36 razy
  • Średni wynik to 11 z 15
Statystyki odpowiedzi
Województwo Populacja Miasto % Poprawnych
Wielkopolskie 540 146 Poznań
100%
Opolskie 126 300 Opole
91%
Mazowieckie 111 927 Płock
91%
Wielkopolskie 70 361 Piła
89%
Lubuskie 115 847 Gorzów Wielkopolski
86%
Mazowieckie 65 388 Pruszków
80%
Łódzkie 66 901 Piotrków Trybunalski
74%
Łódzkie 60 929 Pabianice
69%
Podkarpackie 56 466 Przemyśl
66%
Pomorskie 86 027 Słupsk
63%
Lubelskie 54 581 Biała Podlaska
60%
Lubelskie 44 171 Puławy
57%
Wielkopolskie 69 477 Ostrów Wielkopolski
54%
Mazowieckie 51 985 Piaseczno
54%
Śląskie 51 876 Piekary Śląskie
51%
Nie znaleziono quizów pasujących do podanych kryteriów
Rozkład punktacji
Procent ludzi z każdym wynikiem
Percentyl według liczby udzielonych odpowiedzi
Twoja historia wyników
Nie rozwiązałeś tego quizu